1240 1310 1562 1742 1053 1953 1365 1883 1684 1444 1956 1257 1344 1296 1098 1745 1514 1755 1604 1837 1008 1870 1472 1319 1254 1961 1163 1032 1093 1691 1904 1531 1491 1494 1783 1753 1119 1164 1374 1747 1247 1837 1925 1920 1197 1209 1046 1519 1025 1632 1344 1600 1006 1053 1248 1007 1508 1907 1715 1450 1437 1013 1400 1019 1547 1234 1035 1353 1599 1421 1207 1343 1274 1147 1076 1901 1257 1996 1448 1081 1667 1885 1150 1743 1645 1597 1594 1568 1190 1857 1312 1780 1672 1225 1792 1113 1623 1160 1237 BCNSPRNW ULIB Ver.6.0+V

เปลี่ยนเป็นภาษาไทย

Change to English
 แสดงรายละเอียดบรรณานุกรม
  กลับหน้าหลัก

Brief Record : Get Marc (ISO 2709) : E-mail record : QR code < ปิดหน้าต่าง
LEADER : 00000nam 2200000uu 4500
001    13399108422
003     ULIB
008    110303s2001||||th 000 0 eng d
020    0781721229
060  4 WY106^bA432C 2001
100 0  Judith Ann Allender
245 00 Community health nursing:Concepts and Practice/^cJudith Ann Allender
250    5 edition
260    Philadelphia:^bLippincott,^c2001
300    799
650  7 Community health nursing
650  7 Community health Practice
650  7 Ethics in Community Health Nursing
650  7 Health
700 0  Barbara Walton Spradley
945    ^p2640^l0^i015207
945    ^p2640^l0^i014334
995    ทศพร
999 ^a ใช้งานได้ทุกระบบ
รายการนี้ยังไม่มีแท็ก
คุณยังไม่ได้ล็อกอิน คุณสามารถมีกิจกรรมร่วมกับเว็บไซต์ได้ แต่ต้องล็อกอินก่อน ::
  ล็อกอิน

รายการสื่อสารสนเทศ

ลำดับที่ ประเภท เลขเรียก/บาร์โค้ด สถานที่ สถานะ
- ไม่พบข้อมูล -

รายการใกล้เคียง
    ผู้แต่ง [Judith Ann Allender]

    หัวเรื่อง [Community health nursing]
    หัวเรื่อง [Health]

BibComment


ยังไม่เคยถูกคอมเมนท์

คอมเมนท์ทรัพยากรรายการนี้
  คอมเมนท์: Community health ..


 Copyright 2026. Bcnsprnw @Library